Statistics for Guess the Footballers by their Teams #25

Click here to take the quiz!

General Stats

  • This quiz has been taken 99 times
  • The average score is 6 of 10

Answer Stats

HintAnswer% Correct
2003-2022. Arsenal, Barcelona, Chelsea, Monaco, Monaco B, Spain.Cesc Fabregas
96%
2012-. Chelsea, Reading (loan), Watford (loan), AFC Bournemouth (loan), AFC Bournemouth, Manchester City, Netherlands.Nathan Ake
94%
2006-. Real Madrid Castilla, Valencia, Chelsea, Manchester United, Spain.Juan Mata
88%
2006-. Barcelona B, Barcelona, Roma, Milan (loan), Barcelona, Ajax (loan), Stoke City, Mainz 05 (loan), Alaves (loan), Montreal Impact, Vissel Kobe, Spain.Bojan Krcic
60%
2005-2021. Rouen, Mouscron, 1899 Hoffenheim, West Ham United, Newcastle United, Chelsea, Besiktas, Shanghai Shenhua, Besiktas (loan), Goztepe, Shanghai Shenhua, Istanbul Basaksehir, Lugano, Senegal.Demba Ba
59%
2009-. Coventry City, Kettering Town (loan), Tamworth (loan), AFC Bournemouth, Newcastle United, England.Callum Wilson
55%
1993-2014. Lazio, AC Milan, Montreal Impact, Chennaiyin, Italy.Alessandro Nesta
48%
1991-2008. Monaco, Parma, Juventus, Barcelona, France.Lilian Thuram
39%
1997-2020. Guara, Internacional, Bayer Leverkusen, Bayer Leverkusen II, Bayern Munich, Inter Milan, Juventus, Sao Paulo, Palmeiras, FC Goa, Gama, Brasiliense, Brazil.Lucio
39%
2007-. Falkirk, Huddersfield Town, Burnley, Rangers, Canada.Scott Arfield
16%

Score Distribution

Percentile by Number Answered

Percent of People with Each Score

Your Score History

You have not taken this quiz